Normal view
MARC view
- Motorcycles
Entry Topical Term
001 - CONTROL NUMBER
- control field: 44400
003 - CONTROL NUMBER IDENTIFIER
- control field: NUST
005 - DATE AND TIME OF LATEST TRANSACTION
- control field: 20210314132951.0
008 - FIXED-LENGTH DATA ELEMENTS
- fixed length control field: 210314|| aca||aabn | a|a d
040 ## - CATALOGING SOURCE
- Original cataloging agency: NUST
- Transcribing agency: NUST
150 ## - HEADING--TOPICAL TERM
- Topical term or geographic name entry element: Motorcycles
670 ## - SOURCE DATA FOUND
- Source citation: Work cat.: (NUST): Corbishley, Harold. [from old catalog] 44399, Motor cycles and side-cars, construction, management and overhaul, , [1921?]
